| Tag |
First Indicator |
Second Indicator |
Subfields |
| LEADER |
00000cam a2200000 a 4500 |
| 001 |
in00001337421 |
| 005 |
20151006051402.0 |
| 008 |
970319s1997 enk 000 0 eng d |
| 020 |
|
|
|a 0803978448 (v.1)
|
| 020 |
|
|
|a 0803978464 (v.2)
|
| 035 |
|
|
|a (OCoLC)36574208
|
| 035 |
|
|
|9 AHF4892AM
|
| 040 |
|
|
|a ESU
|c ESU
|d GZM
|d TXA
|d UtOrBLW
|
| 049 |
|
|
|a TXAM
|
| 090 |
|
|
|a P302
|b .D54837 1997
|
| 245 |
0 |
0 |
|a Discourse studies :
|b a multidisciplinary introduction /
|c edited by Teun A. van Dijk.
|
| 264 |
|
1 |
|a London :
|b Sage Publications,
|c 1997.
|
| 300 |
|
|
|a 2 volumes :
|b illustrations ;
|c 24 cm.
|
| 336 |
|
|
|a text
|b txt
|2 rdacontent
|
| 337 |
|
|
|a unmediated
|b n
|2 rdamedia
|
| 338 |
|
|
|a volume
|b nc
|2 rdacarrier
|
| 505 |
0 |
|
|a v.1 Discourse as structure and process -- v.2 Discourse as social interaction.
|
| 504 |
|
|
|a Incudes bibliographical references and index -- volume 2.
|
| 650 |
|
0 |
|a Discourse analysis.
|
| 650 |
|
0 |
|a Discourse analysis, Narrative.
|
| 650 |
|
0 |
|a Discourse analysis, Literary.
|
| 700 |
1 |
|
|a Dijk, Teun A. van,
|d 1943-
|
| 740 |
0 |
|
|a Discourse as social interaction.
|
| 740 |
0 |
|
|a Discourse as structure and process.
|
| 999 |
|
|
|a MARS
|
| 999 |
f |
f |
|s a10b2e06-d235-3ca2-acfe-3fcb100b9d7f
|i d614b8f4-828a-3fa2-8005-9f6a19b7d5a3
|t 0
|
| 952 |
f |
f |
|p ric
|a Texas A&M University
|b Rellis Campus
|c Joint Library Facility
|s JLF
|d Remote Storage
|t 0
|e P302 .D54837 1997
|h Library of Congress classification
|i unmediated -- volume
|k v.1
|m A14821352299
|
| 998 |
f |
f |
|a P302 .D54837 1997
|s v.1
|t 0
|l Remote Storage
|